000 00813nam a2200241 i 4500
001 11863
003 KOSZ 005
005 20190730144418.0
008 080917s1966 pl a f 000 0 pol
015 _aPB 1966/7904
040 _aWA N
_cKOSZ 005/RW
_dKOSZ 005/RW
080 _a669(438)
100 1 _aŻmuda, Andrzej
_c(hutnictwo)
_eAutor
245 1 0 _aEra żelaza trwa /
_cAndrzej Żmuda.
260 _aWarszawa :
_bPaństwowe Wydawnictwo Ekonomiczne,
_c1966.
300 _a103, [1] s. :
_bil. ;
_c18 cm.
380 _aKsiążki.
504 _aBibliogr. s. 101.
650 4 _aŻelazo
_xmetalurgia.
710 2 _aPaństwowe Wydawnictwo Ekonomiczne
_4pbl.
856 _uhttp://koha.tu.koszalin.pl/cgi-bin/koha/opac-detail.pl?biblionumber=11863
_yKatalog online BPK
942 _2UKD
_cKS
999 _c11863
_d11863